000 00763cam a2200229 a 4500
001 000009611
005 20200929161636.0
008 880822s1985 cu 001 0aspa
010 _a88176334
040 _aDO-SdBNP
_cDLC
_dDLC
_dOCoLC
_dDLC
043 _anwcu---
082 _aCU863.44
_bT695t
100 1 _aTorriente, Lolo de la,
_d1906-1983.
_924462
245 1 0 _aTestimonio desde dentro /
_cLolo de la Torriente ; edición de José Tajes.
260 _aLa Habana :
_bLetras Cubanas,
_c1985.
300 _a494 p. ;
_c18 cm.
650 4 _aNovela cubana
_92316
650 4 _aLiteratura cubana
_91483
700 1 _aTajes, José,
_eed.
_923533
700 1 _aTorriente, Lolo de la,
_d1906-1983.
_tMi casa en la tierra.
_924463
910 _aCatalogación por copia / LC
999 _c9371
_d9371